Určenie rizikovej skupiny investora fuzzy logikou pri využití európskej regulácie UCITS

Článok má za cieľ priniesť presnejšiu klasifikáciu investorov do rizikových skupín, nakoľko tvorba investičného dotazníka fuzzy logikou s využitím európskej smernice ešte doposiaľ nebola implementovaná.

Gespeichert in:
Bibliographische Detailangaben
1. Verfasser: Martinus, Richard, 1999-
Format: Buchkapitel
Sprache:Englisch
Schlagworte:
Tags: Tag hinzufügen
Keine Tags, Fügen Sie das erste Tag hinzu!

MARC

LEADER 00000naa a2200000 4500
001 0311398
005 20250703100617.3
041 0 |a eng 
044 |a SK 
245 1 0 |a Určenie rizikovej skupiny investora fuzzy logikou pri využití európskej regulácie UCITS  |c Richard Martinus 
520 |a Článok má za cieľ priniesť presnejšiu klasifikáciu investorov do rizikových skupín, nakoľko tvorba investičného dotazníka fuzzy logikou s využitím európskej smernice ešte doposiaľ nebola implementovaná. 
610 2 0 |a logika 
610 2 0 |a riadenie rizík 
610 2 0 |a investori 
610 2 0 |a trh kapitálový 
610 2 0 |a smernice 
610 2 0 |a jazyky programovacie 
100 1 |a Martinus, Richard, 1999-